[Event "Politiken Cup 2008"]
[Site "Helsingør DEN"]
[Date "2008.07.22"]
[Round "5.35"]
[White "Andersen, Lars Christoff"]
[Black "Olsen, Heini"]
[Result "0-1"]
[WhiteElo "2131"]
[BlackElo "2368"]
[PlyCount "64"]
[EventDate "2008.07.20"]
[EventType "swiss"]
[EventRounds "9"]
[EventCountry "DEN"]
[Source "lmi"]
[SourceDate "2008.07.20"]
[WhiteTeam "Herlev"]
[BlackTeam "Klaksvik"]

1. d4 Nf6 2. Nf3 e6 3. e3 b6 4. Bd3 Bb7 5. Nbd2 c5 6. c3 cxd4 7. cxd4 Be7 8.
O-O O-O 9. Re1 d5 10. a3 Ne4 11. Qc2 f5 12. Ne5 Bd6 13. Ndf3 Nd7 14. Nxd7 Qxd7
15. Ne5 Bxe5 16. dxe5 Rac8 17. Qe2 Nc5 18. Bd2 d4 19. Bb4 dxe3 20. Bxc5 Rxc5
21. Qxe3 f4 22. Qh3 g6 23. Be4 Bxe4 24. Rxe4 Rc2 25. Qg4 Rf5 26. h4 Qc6 27.
Ree1 f3 28. h5 Rxf2 29. Kxf2 Qc2+ 30. Ke3 f2 31. Rf1 Rxe5+ 32. Kf3 Qd3+ 0-1

[Event "Politiken Cup 2008"]
[Site "Helsingør DEN"]
[Date "2008.07.22"]
[Round "5.37"]
[White "Matthiesen, Martin"]
[Black "Kristensen, Kjell Ole"]
[Result "1-0"]
[WhiteElo "2345"]
[BlackElo "2159"]
[PlyCount "77"]
[EventDate "2008.07.20"]
[EventType "swiss"]
[EventRounds "9"]
[EventCountry "DEN"]
[Source "lmi"]
[SourceDate "2008.07.20"]
[WhiteTeam "SK68"]
[BlackTeam "Narvik"]

1. d4 Nf6 2. c4 c5 3. d5 b5 4. cxb5 a6 5. bxa6 Bxa6 6. b3 d6 7. Bb2 Nbd7 8. g3
g6 9. Bg2 Bg7 10. Nh3 O-O 11. O-O Ra7 12. Nf4 Nb6 13. Nc3 Qa8 14. h4 Bb7 15. e4
Nfd7 16. Qc2 Ba6 17. Rfd1 Ne5 18. a4 Rc8 19. Nb5 Rb7 20. Bc3 Qb8 21. Na3 c4 22.
b4 Rbc7 23. b5 Bb7 24. a5 Nbd7 25. Ne2 Nd3 26. Bxg7 Kxg7 27. Qc3+ Kg8 28. Nd4
N7c5 29. Nc6 Bxc6 30. dxc6 Na4 31. Qc2 Nab2 32. Rdb1 Rxc6 33. bxc6 Rxc6 34.
Nxc4 Qb4 35. Rxb2 Nxb2 36. Qxb2 Qxc4 37. Bf1 Qc5 38. a6 Rb6 39. Qxb6 1-0

[Event "Politiken Cup 2008"]
[Site "Helsingør DEN"]
[Date "2008.07.22"]
[Round "5.38"]
[White "Jacobsen, Bo"]
[Black "Nohr, Finn"]
[Result "1-0"]
[WhiteElo "2323"]
[BlackElo "2127"]
[PlyCount "67"]
[EventDate "2008.07.20"]
[EventType "swiss"]
[EventRounds "9"]
[EventCountry "DEN"]
[Source "lmi"]
[SourceDate "2008.07.20"]
[WhiteTeam "AArhus/Skolerne"]
[BlackTeam "Sydøstfyn"]

1. c4 g6 2. g3 Bg7 3. Bg2 f5 4. Nc3 Nf6 5. Nf3 O-O 6. O-O d6 7. d3 Nc6 8. Rb1
a5 9. a3 Nh5 10. Bd2 f4 11. b4 axb4 12. axb4 Bg4 13. Qc1 Nd4 14. Nxd4 Bxd4 15.
gxf4 Qd7 16. e3 Bxc3 17. Bxc3 Be2 18. Bd5+ e6 19. Bxb7 Ra2 20. Ra1 Rxa1 21.
Qxa1 c6 22. Qa6 Bf3 23. h3 e5 24. Kh2 Rxf4 25. exf4 Qf5 26. Qa8+ Kf7 27. Bd2
Nxf4 28. Qc8 Qxd3 29. Qd7+ Kg8 30. Qd8+ Kf7 31. Qd7+ Kg8 32. Qe8+ Kg7 33. Qe7+
Kg8 34. Ra1 1-0

[Event "Politiken Cup 2008"]
[Site "Helsingør DEN"]
[Date "2008.07.22"]
[Round "5.39"]
[White "Humphrey, Jonathan"]
[Black "Inhoven, Stefan"]
[Result "1/2-1/2"]
[WhiteElo "2289"]
[BlackElo "2124"]
[PlyCount "41"]
[EventDate "2008.07.20"]
[EventType "swiss"]
[EventRounds "9"]
[EventCountry "DEN"]
[Source "lmi"]
[SourceDate "2008.07.20"]
[BlackTeam "SK62 Ladenburg"]

1. e4 d5 2. exd5 Qxd5 3. Nc3 Qa5 4. d4 Nf6 5. Nf3 Bf5 6. Bc4 e6 7. Bd2 c6 8.
Nd5 Qd8 9. Nxf6+ Qxf6 10. Qe2 Bg4 11. d5 cxd5 12. Bxd5 Nc6 13. O-O Bxf3 14.
gxf3 Rd8 15. Bxc6+ bxc6 16. Bc3 Qf5 17. Qe4 Qxe4 18. fxe4 Bc5 19. Rfd1 Rxd1+
20. Rxd1 Ke7 21. Kf1 1/2-1/2

[Event "Politiken Cup 2008"]
[Site "Helsingør DEN"]
[Date "2008.07.22"]
[Round "5.42"]
[White "Hanssen, Gunnar Berg"]
[Black "Kragh, Niels Kristian"]
[Result "1-0"]
[WhiteElo "2232"]
[BlackElo "2112"]
[PlyCount "59"]
[EventDate "2008.07.20"]
[EventType "swiss"]
[EventRounds "9"]
[EventCountry "DEN"]
[Source "lmi"]
[SourceDate "2008.07.20"]
[WhiteTeam "Tromsø"]
[BlackTeam "K41"]

1. Nf3 d5 2. d4 Bf5 3. g3 e6 4. Bg2 Nf6 5. O-O c6 6. b3 Bd6 7. Bb2 O-O 8. Nbd2
h6 9. Ne5 Nbd7 10. c4 Qc7 11. Ndf3 Rfe8 12. c5 Bxe5 13. dxe5 Nh7 14. Qd4 Be4
15. Bh3 Nhf8 16. Nd2 Bf5 17. Bg2 b6 18. cxb6 axb6 19. e4 Bh7 20. exd5 cxd5 21.
Rfc1 Qb7 22. Nc4 Rec8 23. Nd6 Rxc1+ 24. Rxc1 Qa6 25. Bf1 Qa5 26. b4 Qa7 27. Bb5
Ng6 28. Nc8 Qb7 29. Bxd7 Qxd7 30. Nxb6 1-0

[Event "Politiken Cup 2008"]
[Site "Helsingør DEN"]
[Date "2008.07.22"]
[Round "5.43"]
[White "Strand, Kjetil"]
[Black "Olsen, Peter Erik"]
[Result "1/2-1/2"]
[WhiteElo "2066"]
[BlackElo "2224"]
[PlyCount "159"]
[EventDate "2008.07.20"]
[EventType "swiss"]
[EventRounds "9"]
[EventCountry "DEN"]
[Source "lmi"]
[SourceDate "2008.07.20"]
[WhiteTeam "Asker"]
[BlackTeam "Seksløberen"]

1. e4 c6 2. d4 d5 3. exd5 cxd5 4. c4 Nf6 5. Nc3 Nc6 6. Nf3 Bg4 7. cxd5 Nxd5 8.
Qb3 Bxf3 9. gxf3 Nb6 10. Be3 e6 11. O-O-O Be7 12. d5 exd5 13. Nxd5 Nxd5 14.
Rxd5 Qc7 15. Kb1 O-O 16. f4 Rfd8 17. Bg2 Rxd5 18. Bxd5 Bf6 19. Rc1 Qd7 20. Rd1
Rd8 21. a3 Nd4 22. Bxd4 Qxd5 23. Qxd5 Rxd5 24. Re1 h5 25. Bxa7 Rd2 26. b4 Kh7
27. Bc5 Rb2+ 28. Kc1 Ra2 29. Re3 h4 30. Rd3 b5 31. Kd1 Kg6 32. h3 Kf5 33. Ke1
Kxf4 34. Kf1 Rc2 35. Kg2 Rc3 36. Rd7 Rxa3 37. Rxf7 Ke4 38. Rb7 Kd5 39. Rxb5 Kc4
40. Rb7 Rb3 41. Bf8 g5 42. Rf7 Be5 43. Rf5 Bf4 44. Be7 Bd2 45. b5 Kd4 46. Bxg5
Ke4 47. Rc5 Kd4 48. Be7 Bb4 49. Rc7 Bxe7 50. Rxe7 Rxb5 51. Rh7 Rg5+ 52. Kf1 Ke4
53. Rxh4+ Kf3 54. Ra4 Rb5 55. Ra3+ Kf4 56. Rg3 Rb2 57. Kg2 Kf5 58. h4 Kf6 59.
Rg4 Rb3 60. f3 Rb1 61. h5 Rb5 62. Rh4 Kg5 63. Kg3 Kh6 64. Kg4 Rb4+ 65. f4 Rb5
66. Rh3 Ra5 67. Re3 Rb5 68. Re6+ Kh7 69. h6 Rb1 70. f5 Rg1+ 71. Kf4 Rf1+ 72.
Ke5 Re1+ 73. Kd6 Rf1 74. f6 Kxh6 75. Ke7 Kg6 76. Re3 Ra1 77. Rg3+ Kh7 78. f7
Ra7+ 79. Ke6 Ra6+ 80. Ke7 1/2-1/2

[Event "Politiken Cup 2008"]
[Site "Helsingør DEN"]
[Date "2008.07.22"]
[Round "5.44"]
[White "Carnstam, Tomas"]
[Black "Roelvaag, Mikael"]
[Result "0-1"]
[WhiteElo "2046"]
[BlackElo "2214"]
[PlyCount "70"]
[EventDate "2008.07.20"]
[EventType "swiss"]
[EventRounds "9"]
[EventCountry "DEN"]
[Source "lmi"]
[SourceDate "2008.07.20"]
[WhiteTeam "LASK"]
[BlackTeam "Narvik"]

1. b3 e5 2. Bb2 d6 3. e3 f5 4. f4 e4 5. Nh3 Nf6 6. Be2 Be7 7. c4 O-O 8. d4 exd3
9. Qxd3 Na6 10. Nd2 Nc5 11. Qd4 Ne8 12. e4 fxe4 13. Nxe4 Nxe4 14. Qxe4 Bxh3 15.
gxh3 Bh4+ 16. Kd1 Bf6 17. Bd3 g6 18. Qe6+ Kh8 19. Bxf6+ Rxf6 20. Qe3 Ng7 21.
Kc2 Qf8 22. Rhf1 a5 23. Qd4 c5 24. Qd5 Ne6 25. Qxb7 a4 26. f5 Nd4+ 27. Kc3 gxf5
28. bxa4 Rb8 29. Qd5 Qd8 30. Bxf5 Qa5+ 31. Kd3 Qxa4 32. Rac1 Qxa2 33. Bg4 Rxf1
34. Qxd4+ cxd4 35. Rxf1 Qb2 0-1

[Event "Politiken Cup 2008"]
[Site "Helsingør DEN"]
[Date "2008.07.22"]
[Round "5.46"]
[White "Rostgaard, Tobias Valentin"]
[Black "Van Zutphen, Jimmy"]
[Result "1/2-1/2"]
[WhiteElo "2035"]
[BlackElo "2201"]
[PlyCount "109"]
[EventDate "2008.07.20"]
[EventType "swiss"]
[EventRounds "9"]
[EventCountry "DEN"]
[Source "lmi"]
[SourceDate "2008.07.20"]
[WhiteTeam "Frem"]
[BlackTeam "SV De Wijker Toren"]

1. e4 c5 2. Nc3 Nc6 3. f4 d6 4. Nf3 g6 5. Bb5 Bd7 6. O-O Bg7 7. d3 e6 8. Bxc6
Bxc6 9. f5 Qe7 10. Bg5 Bf6 11. fxe6 fxe6 12. Bxf6 Nxf6 13. Qe2 e5 14. a4 O-O
15. Nd1 Nh5 16. g3 Bd7 17. Qg2 Rf7 18. Ne3 Be6 19. Nd5 Bxd5 20. exd5 Raf8 21.
Rae1 h6 22. Nd2 Qg5 23. Rxf7 Rxf7 24. Ne4 Qe7 25. Qh3 Kg7 26. Qe6 Qxe6 27. dxe6
Re7 28. Nxd6 Rxe6 29. Nxb7 Rb6 30. Nxc5 Rxb2 31. Rxe5 Rxc2 32. Ne4 Nf6 33. Rc5
Rxc5 34. Nxc5 Kf7 35. Ne4 Nd7 36. d4 Ke6 37. Nc3 Nb6 38. Nb5 a5 39. Nc3 Nd5 40.
Ne4 Nb6 41. Nc5+ Kd5 42. Nb3 Nxa4 43. Nxa5 Kxd4 44. Nc6+ Ke4 45. Ne7 g5 46. Ng8
Kf3 47. Nxh6 Nc3 48. Nf5 Ke4 49. Nd6+ Kf3 50. Nf5 Ke4 51. Nh6 Kf3 52. g4 Nd5
53. h3 Kg3 54. Kf1 Nf4 55. Nf7 1/2-1/2

[Event "Politiken Cup 2008"]
[Site "Helsingør DEN"]
[Date "2008.07.22"]
[Round "5.47"]
[White "Blomstrom, Lars"]
[Black "Johansson, Alexander"]
[Result "1-0"]
[WhiteElo "2197"]
[BlackElo "2060"]
[PlyCount "79"]
[EventDate "2008.07.20"]
[EventType "swiss"]
[EventRounds "9"]
[EventCountry "DEN"]
[Source "lmi"]
[SourceDate "2008.07.20"]
[WhiteTeam "ôrebro SS"]
[BlackTeam "Lund ASK"]

1. e4 c5 2. Nc3 d6 3. g3 Nf6 4. Bg2 Nc6 5. d3 g6 6. Be3 Bg7 7. h3 O-O 8. Qd2
Re8 9. f4 Rb8 10. Nge2 Bd7 11. a4 a6 12. O-O b5 13. axb5 axb5 14. g4 b4 15. Nd1
Qc8 16. Ng3 Rf8 17. f5 Ne5 18. Bh6 Bb5 19. Bxg7 Kxg7 20. g5 Nfd7 21. f6+ exf6
22. gxf6+ Nxf6 23. Qg5 Nfd7 24. Nf5+ Kh8 25. Nxd6 Qc7 26. Qe7 f6 27. Ne3 Bc6
28. Nd5 Bxd5 29. exd5 Qb6 30. Nc4 Nxc4 31. Qxd7 Ne5 32. Qe6 c4+ 33. Qxb6 Rxb6
34. d4 Nd7 35. Ra7 Rd8 36. Re1 f5 37. Re6 Rbb8 38. Re7 Nf6 39. Rf7 Rd6 40. Rae7
1-0

[Event "Politiken Cup 2008"]
[Site "Helsingør DEN"]
[Date "2008.07.22"]
[Round "5.49"]
[White "Schultz-Pedersen, Jesper"]
[Black "Jensen, Ib"]
[Result "1-0"]
[WhiteElo "2165"]
[BlackElo "2005"]
[PlyCount "59"]
[EventDate "2008.07.20"]
[EventType "swiss"]
[EventRounds "9"]
[EventCountry "DEN"]
[Source "lmi"]
[SourceDate "2008.07.20"]
[WhiteTeam "Allerød"]
[BlackTeam "Helsingør"]

1. d4 d5 2. Bg5 Nc6 3. Nf3 Bg4 4. Nbd2 f6 5. Bh4 Nh6 6. c3 Nf5 7. Qa4 g5 8. Bg3
h5 9. h3 Nxg3 10. fxg3 Bf5 11. O-O-O a6 12. Re1 Bh6 13. g4 hxg4 14. hxg4 Bxg4
15. e4 dxe4 16. Nxe4 Bf5 17. d5 Bxe4 18. Qxe4 g4+ 19. Kc2 gxf3 20. Qg6+ Kd7 21.
dxc6+ Kxc6 22. Rxh6 Rxh6 23. Qxh6 Qd5 24. gxf3 Rd8 25. Qe3 Qxa2 26. Bd3 e5 27.
Qe4+ Kb6 28. Qb4+ Ka7 29. Bc4 a5 30. Qc5+ 1-0

[Event "Politiken Cup 2008"]
[Site "Helsingør DEN"]
[Date "2008.07.22"]
[Round "5.50"]
[White "Bjorneboe, Kristian"]
[Black "Flindt, Thomas"]
[Result "1/2-1/2"]
[WhiteElo "1850"]
[BlackElo "2166"]
[PlyCount "100"]
[EventDate "2008.07.20"]
[EventType "swiss"]
[EventRounds "9"]
[EventCountry "DEN"]
[Source "lmi"]
[SourceDate "2008.07.20"]
[WhiteTeam "Ålsgårde"]
[BlackTeam "Næstved"]

1. d4 Nc6 2. Nf3 d6 3. e4 e5 4. Bc4 Bg4 5. c3 Bxf3 6. Qxf3 Qf6 7. Be3 g6 8. Nd2
Bg7 9. O-O-O Qxf3 10. Nxf3 Nge7 11. dxe5 Nxe5 12. Nxe5 Bxe5 13. Rhf1 Bg7 14. g4
Rf8 15. Bb5+ Nc6 16. Bd4 Bxd4 17. cxd4 O-O-O 18. Bxc6 bxc6 19. Rd3 Rde8 20. Re3
f5 21. exf5 gxf5 22. gxf5 Rd8 23. Rh3 Rd7 24. Rh5 Rdf7 25. Rg1 Rxf5 26. Rxh7
Kb7 27. Rgg7 Kb6 28. Rxc7 Kb5 29. b3 Rxf2 30. Rb7+ Ka5 31. Rxa7+ Kb4 32. Ra4+
Kc3 33. Rh3+ R8f3 34. Rc4+ Kd3 35. Rxf3+ Rxf3 36. Rxc6 d5 37. Rc2 Kxd4 38. b4
Rf1+ 39. Kb2 Ke3 40. b5 d4 41. a4 d3 42. Rc3 Kd4 43. Rc1 Rf2+ 44. Kb3 Rxh2 45.
Kb4 Rb2+ 46. Ka5 d2 47. Rh1 Kc5 48. Ka6 Rb4 49. Ka5 Rd4 50. Rd1 Rd8 1/2-1/2

[Event "Politiken Cup 2008"]
[Site "Helsingør DEN"]
[Date "2008.07.22"]
[Round "5.51"]
[White "Andersen, Mads"]
[Black "Hansen, Herborg"]
[Result "1-0"]
[WhiteElo "2092"]
[BlackElo "1751"]
[PlyCount "63"]
[EventDate "2008.07.20"]
[EventType "swiss"]
[EventRounds "9"]
[EventCountry "DEN"]
[Source "lmi"]
[SourceDate "2008.07.20"]
[WhiteTeam "Skanderborg"]
[BlackTeam "Klaksvikar"]

1. e4 e5 2. Nf3 Nc6 3. Bb5 a6 4. Ba4 Nge7 5. O-O d6 6. c3 Bd7 7. d4 Ng6 8. d5
Na5 9. b4 Nc4 10. Bb3 Nb6 11. c4 Be7 12. Be3 O-O 13. c5 Nc8 14. Nc3 Kh8 15. Nd2
f5 16. exf5 Bxf5 17. Nde4 Nf4 18. Qd2 Bg5 19. f3 h6 20. Kh1 Qe8 21. g3 Nh3 22.
Nxg5 hxg5 23. Bxg5 Qh5 24. Be3 Bd7 25. Bd1 Ne7 26. Ne4 Bb5 27. Re1 Bc4 28. Nc3
Rad8 29. cxd6 Rxd6 30. Bc5 Bxd5 31. Bxd6 Rxf3 32. Nxd5 1-0

[Event "Politiken Cup 2008"]
[Site "Helsingør DEN"]
[Date "2008.07.22"]
[Round "5.52"]
[White "Tsiolakidis, Anastasios"]
[Black "Noer, Martin Stampe"]
[Result "1/2-1/2"]
[WhiteElo "2365"]
[BlackElo "2000"]
[PlyCount "116"]
[EventDate "2008.07.20"]
[EventType "swiss"]
[EventRounds "9"]
[EventCountry "DEN"]
[Source "lmi"]
[SourceDate "2008.07.20"]
[BlackTeam "Nordkalotten"]

1. e4 c6 2. Nc3 d5 3. Nf3 dxe4 4. Nxe4 Nf6 5. Nxf6+ exf6 6. d4 Bf5 7. Bc4 Bd6
8. Be3 O-O 9. Qd2 Re8 10. h3 Bf4 11. O-O-O Bxe3 12. fxe3 Nd7 13. Rhe1 b5 14.
Bd3 Bxd3 15. cxd3 c5 16. d5 Nb6 17. e4 c4 18. Nd4 Qd7 19. Qa5 cxd3 20. Qxb5
Qc7+ 21. Nc6 Qf4+ 22. Kb1 d2 23. Re2 Rxe4 24. Rexd2 Nc4 25. Rd3 Re2 26. Rd4
Qf5+ 27. Ka1 Qc2 28. d6 Na3 29. Qb3 Qxc6 30. Qxa3 Rc8 31. Qd3 Qc1+ 32. Qb1
Qxb1+ 33. Kxb1 Rb8 34. b4 Rd8 35. R1d2 Rxd2 36. Rxd2 Kf8 37. Kb2 Ke8 38. b5 Kd7
39. Rd4 Rb8 40. a4 a6 41. Kc3 axb5 42. a5 b4+ 43. Rxb4 Rxb4 44. Kxb4 Kxd6 45.
Kb5 Kc7 46. Kc5 h5 47. h4 g5 48. Kd5 gxh4 49. Ke4 Kb7 50. Kf5 Ka6 51. Kxf6 Kxa5
52. Kxf7 h3 53. gxh3 h4 54. Kg6 Kb6 55. Kg5 Kc6 56. Kxh4 Kd6 57. Kg5 Ke7 58.
Kg6 Kf8 1/2-1/2

[Event "Politiken Cup 2008"]
[Site "Helsingør DEN"]
[Date "2008.07.22"]
[Round "5.54"]
[White "Christiansen, Erling"]
[Black "Arkhangelsky, Boris"]
[Result "0-1"]
[WhiteElo "2008"]
[BlackElo "2340"]
[PlyCount "88"]
[EventDate "2008.07.20"]
[EventType "swiss"]
[EventRounds "9"]
[EventCountry "DEN"]
[Source "lmi"]
[SourceDate "2008.07.20"]
[WhiteTeam "Valby"]

1. e4 c5 2. Nc3 Nc6 3. g3 g6 4. Bg2 Bg7 5. Nge2 d6 6. d3 Nd4 7. O-O Bg4 8. f3
Bd7 9. Be3 Rb8 10. Rb1 e6 11. Qd2 Ne7 12. f4 O-O 13. a3 a5 14. g4 f5 15. gxf5
exf5 16. Ng3 a4 17. Nce2 b5 18. c3 Nb3 19. Qc2 Rc8 20. Nc1 Be6 21. exf5 Nxf5
22. Nxf5 gxf5 23. Bf3 Kh8 24. Kh1 Nd4 25. Bxd4 cxd4 26. Ne2 Qc7 27. Rbc1 dxc3
28. bxc3 Qc5 29. Qb2 Bd5 30. d4 Qc6 31. Ng1 Bxf3+ 32. Nxf3 Rg8 33. Qd2 Qd5 34.
Rg1 Bh6 35. Qd3 Rge8 36. Rce1 Re4 37. h3 Rxf4 38. Rg3 Re4 39. Rf1 Re3 40. Qd1
Rce8 41. Kg1 Rxc3 42. Rg2 Qe4 43. Kh2 Rc1 44. Ng5 Bxg5 0-1

[Event "Politiken Cup 2008"]
[Site "Helsingør DEN"]
[Date "2008.07.22"]
[Round "5.55"]
[White "Kulago, Alexander"]
[Black "Ukkelberg, Oyvind"]
[Result "1/2-1/2"]
[WhiteElo "2305"]
[BlackElo "1986"]
[PlyCount "48"]
[EventDate "2008.07.20"]
[EventType "swiss"]
[EventRounds "9"]
[EventCountry "DEN"]
[Source "lmi"]
[SourceDate "2008.07.20"]
[BlackTeam "Trondheim"]

1. Nf3 g6 2. g3 Bg7 3. d4 d6 4. Bg2 f5 5. O-O Nf6 6. c4 O-O 7. Nc3 c6 8. Rb1 a5
9. h3 Qe8 10. d5 Na6 11. Nd4 Bd7 12. a3 Nc5 13. b4 axb4 14. axb4 Nce4 15. Nxe4
Nxe4 16. Qd3 cxd5 17. cxd5 Qf7 18. Be3 Qxd5 19. Nxf5 Qxd3 20. exd3 Nc3 21.
Nxe7+ Kf7 22. Nd5 Nxb1 23. Nb6 Rad8 24. Rxb1 Be6 1/2-1/2

[Event "Politiken Cup 2008"]
[Site "Helsingør DEN"]
[Date "2008.07.22"]
[Round "5.56"]
[White "Knudsen, Jes West"]
[Black "Overeem, Marc"]
[Result "1-0"]
[WhiteElo "2003"]
[BlackElo "2288"]
[PlyCount "57"]
[EventDate "2008.07.20"]
[EventType "swiss"]
[EventRounds "9"]
[EventCountry "DEN"]
[Source "lmi"]
[SourceDate "2008.07.20"]
[WhiteTeam "Helsinge"]
[BlackTeam "Max Euwe"]

1. e4 c5 2. b4 cxb4 3. Bb2 Nc6 4. d4 d5 5. exd5 Qxd5 6. c4 bxc3 7. Nxc3 Qa5 8.
d5 Ne5 9. Qd4 f6 10. f4 Ng6 11. Bb5+ Kf7 12. Nf3 Nh6 13. Bc4 Nf5 14. Qd2 Qc5
15. Bb3 Qe3+ 16. Qxe3 Nxe3 17. g3 Bg4 18. Nd4 Rc8 19. Rc1 Nc4 20. Ba1 Nd6 21.
O-O Bd7 22. h4 h5 23. Na4 Rg8 24. Nc5 Bh3 25. Nxb7 Rxc1 26. Rxc1 Nxb7 27. d6+
e6 28. Rc7+ Ke8 29. Ba4+ 1-0

[Event "Politiken Cup 2008"]
[Site "Helsingør DEN"]
[Date "2008.07.22"]
[Round "5.57"]
[White "Sondergaard, Thomas"]
[Black "Bach, Matthias"]
[Result "1/2-1/2"]
[WhiteElo "1998"]
[BlackElo "2272"]
[PlyCount "106"]
[EventDate "2008.07.20"]
[EventType "swiss"]
[EventRounds "9"]
[EventCountry "DEN"]
[Source "lmi"]
[SourceDate "2008.07.20"]
[WhiteTeam "Ålborg"]
[BlackTeam "Hsk V 1830"]

1. e4 c5 2. Nc3 a6 3. f4 b5 4. d3 b4 5. Nce2 d5 6. e5 h5 7. Nf3 h4 8. d4 Bg4 9.
dxc5 e6 10. Be3 Qc7 11. c3 Bxc5 12. Qa4+ Qd7 13. Qxd7+ Nxd7 14. Bxc5 Nxc5 15.
cxb4 Nd3+ 16. Kd2 Bxf3 17. Kxd3 Be4+ 18. Kd2 h3 19. Rg1 hxg2 20. Bxg2 Rxh2 21.
Bxe4 dxe4 22. Rh1 Rd8+ 23. Ke3 Rxh1 24. Rxh1 Nh6 25. Rb1 Nf5+ 26. Kxe4 Rd2 27.
Nc3 Rd4+ 28. Kf3 Rxb4 29. Ne4 Ke7 30. b3 Nd4+ 31. Ke3 Nc2+ 32. Kf3 Nd4+ 33. Ke3
Nc2+ 34. Kf3 Rb6 35. Rd1 Nb4 36. Rd2 Nd5 37. Rc2 f5 38. Nd6 Rb4 39. Rc4 a5 40.
Rxb4 axb4 41. Nc4 Kd7 42. a3 bxa3 43. Nxa3 Kc6 44. Nc4 Kc5 45. Nd6 Kb4 46. Ne8
g6 47. Ng7 Nc7 48. Kg3 Kxb3 49. Kh4 Kc4 50. Kg5 Kd5 51. Kxg6 Ke4 52. Kg5 Nd5
53. Nxe6 Nxf4 1/2-1/2

[Event "Politiken Cup 2008"]
[Site "Helsingør DEN"]
[Date "2008.07.22"]
[Round "5.58"]
[White "Rasmussen, Morten"]
[Black "Christensen, Bo Garner"]
[Result "0-1"]
[WhiteElo "1996"]
[BlackElo "2247"]
[PlyCount "75"]
[EventDate "2008.07.20"]
[EventType "swiss"]
[EventRounds "9"]
[EventCountry "DEN"]
[Source "lmi"]
[SourceDate "2008.07.20"]
[WhiteTeam "Skanderborg"]
[BlackTeam "Skovbo"]

1. d4 Nf6 2. Nf3 g6 3. c3 Bg7 4. Bg5 c5 5. e3 Ne4 6. Bf4 b6 7. Be2 Bb7 8. O-O
O-O 9. Nbd2 f5 10. Ng5 Nxd2 11. Qxd2 h6 12. Nf3 d6 13. dxc5 bxc5 14. Rfd1 Nd7
15. Bxd6 exd6 16. Qxd6 Qb6 17. Qxd7 Kh7 18. Qd2 Be4 19. Bc4 Rab8 20. Qd6 Qxb2
21. Ne5 f4 22. f3 Bc2 23. e4 Rf6 24. Qxc5 Bxd1 25. Rxd1 Qb6 26. Qxb6 Rfxb6 27.
Nd7 Rb1 28. Nxb8 Rxd1+ 29. Kf2 Rd2+ 30. Kf1 Bf8 31. Bd5 Bc5 32. Nd7 Be3 33. e5
Kg7 34. c4 Bd4 35. e6 Bf6 36. Nc5 Rxa2 37. Ne4 Be7 38. c5 0-1

[Event "Politiken Cup 2008"]
[Site "Helsingør DEN"]
[Date "2008.07.22"]
[Round "5.59"]
[White "Pavlovskaia, Evgenia"]
[Black "Jacobsen, Súni"]
[Result "1-0"]
[WhiteElo "2210"]
[BlackElo "1981"]
[PlyCount "81"]
[EventDate "2008.07.20"]
[EventType "swiss"]
[EventRounds "9"]
[EventCountry "DEN"]
[Source "lmi"]
[SourceDate "2008.07.20"]
[WhiteTeam "Eslov SK"]
[BlackTeam "Havnar Telvingarfelag"]

1. e4 c5 2. Nf3 e6 3. d4 cxd4 4. Nxd4 Nf6 5. Bd3 Nc6 6. Nxc6 bxc6 7. O-O e5 8.
c4 Bc5 9. Nc3 O-O 10. Qe2 d6 11. Be3 Bb4 12. Bg5 Bg4 13. f3 Bh5 14. Kh1 h6 15.
Bh4 g5 16. Be1 Kg7 17. a3 Ba5 18. b4 Bc7 19. Nd1 Bg6 20. Ne3 Bb6 21. Bc3 Bd4
22. Bxd4 exd4 23. Nc2 c5 24. e5 dxe5 25. Bxg6 Kxg6 26. Qxe5 d3 27. Ne3 cxb4 28.
Qf5+ Kg7 29. f4 Nh7 30. fxg5 Qxg5 31. Qxd3 Rad8 32. Nf5+ Kh8 33. Qh3 Rc8 34.
Nxh6 Rxc4 35. Nxf7+ Rxf7 36. Rxf7 Rc1+ 37. Rf1 Rxa1 38. Rxa1 Qe5 39. Rd1 bxa3
40. Rd8+ Kg7 41. Rd7+ 1-0

[Event "Politiken Cup 2008"]
[Site "Helsingør DEN"]
[Date "2008.07.22"]
[Round "5.61"]
[White "Fischer, Thomas"]
[Black "Rossen, Claus"]
[Result "0-1"]
[WhiteElo "1976"]
[BlackElo "2187"]
[PlyCount "106"]
[EventDate "2008.07.20"]
[EventType "swiss"]
[EventRounds "9"]
[EventCountry "DEN"]
[Source "lmi"]
[SourceDate "2008.07.20"]
[WhiteTeam "SC Grunbach"]
[BlackTeam "Tjele"]

1. Nf3 c5 2. g3 Nc6 3. Bg2 d5 4. d4 Nf6 5. O-O Bg4 6. c3 e6 7. Bg5 Be7 8. Nbd2
O-O 9. Re1 h6 10. Bxf6 Bxf6 11. e3 e5 12. dxe5 Nxe5 13. Qc2 Nc6 14. h3 Be6 15.
Nb3 Qb6 16. Red1 a5 17. Nc1 a4 18. Ne2 Qa5 19. Nf4 a3 20. Nh5 Be7 21. b3 d4 22.
cxd4 cxd4 23. g4 dxe3 24. fxe3 Nb4 25. Qc3 f6 26. Qd2 Rfd8 27. Nd4 Bd5 28. Nf4
Bxg2 29. Qxg2 Nd5 30. Nxd5 Qxd5 31. Nf5 Qxg2+ 32. Kxg2 Bc5 33. Kf3 g6 34. Nd4
Kf7 35. Rd3 Bxd4 36. Rxd4 Rxd4 37. exd4 Rc8 38. Ke4 Rc3 39. Kd5 Rxh3 40. Rc1 g5
41. Rc7+ Kg6 42. Ke6 Re3+ 43. Kd6 f5 44. gxf5+ Kxf5 45. Rxb7 Re6+ 46. Kd5 Rf6
47. b4 g4 48. Rg7 h5 49. b5 h4 50. Kc5 h3 51. b6 h2 52. b7 h1=Q 53. b8=Q Qc1+
0-1

[Event "Politiken Cup 2008"]
[Site "Helsingør DEN"]
[Date "2008.07.22"]
[Round "5.62"]
[White "Lyngsjo, Hakan"]
[Black "Pedersen, Henrik B"]
[Result "1/2-1/2"]
[WhiteElo "1951"]
[BlackElo "2178"]
[PlyCount "26"]
[EventDate "2008.07.20"]
[EventType "swiss"]
[EventRounds "9"]
[EventCountry "DEN"]
[Source "lmi"]
[SourceDate "2008.07.20"]
[WhiteTeam "SK Bare Bønder"]
[BlackTeam "Herlev"]

1. e4 e6 2. d4 d5 3. Nd2 c5 4. exd5 Qxd5 5. dxc5 Bxc5 6. Ngf3 Nf6 7. Bc4 Qd6 8.
O-O Nc6 9. Qe2 Qc7 10. Nb3 Bd6 11. Be3 O-O 12. Nbd4 a6 13. Rad1 Bd7 1/2-1/2

[Event "Politiken Cup 2008"]
[Site "Helsingør DEN"]
[Date "2008.07.22"]
[Round "5.63"]
[White "Petersen, Steen"]
[Black "Berkemer, Rainer"]
[Result "1-0"]
[WhiteElo "2170"]
[BlackElo "1975"]
[PlyCount "55"]
[EventDate "2008.07.20"]
[EventType "swiss"]
[EventRounds "9"]
[EventCountry "DEN"]
[Source "lmi"]
[SourceDate "2008.07.20"]
[WhiteTeam "Brønshøj"]
[BlackTeam "SF Neckartenzlingen"]

1. e4 d5 2. exd5 Qxd5 3. Nc3 Qa5 4. d4 c6 5. Bc4 Bf5 6. Nf3 Nf6 7. Bd2 e6 8.
Nd5 Qd8 9. Nxf6+ Qxf6 10. c3 Nd7 11. O-O Be4 12. Ng5 Bd5 13. Bxd5 cxd5 14. Qb3
Bd6 15. Qxb7 Rb8 16. Qc6 Ke7 17. Nf3 Qf5 18. Qa4 Rxb2 19. Qxa7 Rhb8 20. Rae1 f6
21. Qa6 g5 22. Bc1 R8b6 23. Qa8 Rc2 24. Qg8 Rxc3 25. Nxg5 Bxh2+ 26. Kxh2 Rxc1
27. Rxc1 Qf4+ 28. g3 1-0

[Event "Politiken Cup 2008"]
[Site "Helsingør DEN"]
[Date "2008.07.22"]
[Round "5.64"]
[White "Tandrup, Michael"]
[Black "Jorgensen, Dennis"]
[Result "0-1"]
[WhiteElo "1969"]
[BlackElo "2167"]
[PlyCount "86"]
[EventDate "2008.07.20"]
[EventType "swiss"]
[EventRounds "9"]
[EventCountry "DEN"]
[Source "lmi"]
[SourceDate "2008.07.20"]
[WhiteTeam "BMS"]
[BlackTeam "Allerød"]

1. f4 d5 2. Nf3 g6 3. g3 Bg7 4. Bg2 Nf6 5. O-O O-O 6. d3 Qd6 7. c3 Nbd7 8. Qc2
Re8 9. e4 dxe4 10. dxe4 Qb6+ 11. Kh1 e5 12. f5 Nc5 13. fxg6 hxg6 14. Ng5 Qd6
15. Rd1 Qe7 16. b4 Ne6 17. a4 a5 18. b5 Qc5 19. Ba3 Qe3 20. Bc1 Qc5 21. Ba3 Qb6
22. Nxe6 Bxe6 23. c4 Bg4 24. Rd3 Qe6 25. Nd2 Bh6 26. Re1 Rad8 27. Nf1 Bh3 28.
Ne3 Bxg2+ 29. Kxg2 Bxe3 30. Rexe3 Rd4 31. Rc3 Red8 32. Re2 Nxe4 33. Rce3 Rxc4
34. Qb1 Nc3 35. Rxc3 Rxc3 36. Bb2 Qd5+ 37. Kh3 Rb3 38. Qc2 Qe6+ 39. Kg2 Rbd3
40. Bxe5 Qd5+ 41. Kh3 Qd7+ 42. Kh4 Qf5 43. g4 g5+ 0-1